| 000 | 00587pam a2200205 a 4500 | ||
|---|---|---|---|
| 020 | _a0070239118 : | ||
| 040 | _cDLC | ||
| 082 | 0 | 0 | _a428 MCG 1992 A022 Or. |
| 100 | 1 | _aCortina, Joe. | |
| 245 | 1 | 0 |
_aComprehending college textbooks : _bsteps to understanding and remembering what you read / |
| 250 | _a2nd ed. | ||
| 260 |
_aNew York : _bMcGraw-Hill, _cc1992. |
||
| 300 |
_axix, 468 p. ; _c24 cm. |
||
| 500 | _aIncludes index. | ||
| 650 | 0 | _aReading (Higher education) | |
| 650 | 0 | _aReading comprehension. | |
| 700 | 1 | _aElder, Janet, | |
| 700 | 1 | _aGonnet, Katherine. | |
| 942 | _cEK | ||
| 999 |
_c11805 _d11805 |
||